LEADER 01246nam0 2200313 450 001 000014663 005 20090128083904.0 100 $a20080723d1983----km-y0itay50------ba 101 0 $aita 102 $aIT 105 $ay-------001yy 200 1 $a<>apertura dell'industria ai mercati internazionali$etendenze e problemi nei settori del mobile, della carta e delle macchine per il legno$fAda Carlesi, Riccardo Lanzara, Roberto Sbrana$gintroduzione di Riccardo Varaldo 210 $aMilano$cFranco Angeli$dc1983 215 $a184 p.$d22 cm 225 2 $aEconomia e politica industriale$v23 410 0$12001$aEconomia e politica industriale 500 10$a<>apertura dell'industria ai mercati internazionali$935208 610 1 $aMobili$aIndustria$aItalia$a1970-1980 610 1 $aCarta$aIndustria$aItalia$a1970-1980 676 $a338.47$v18$9Singole industrie secondarie 700 1$aCarlesi,$bAda$0108702 701 1$aLanzara,$bRiccardo$0107611 701 1$aSbrana,$bRoberto$0108406 702 1$aVaraldo,$bRiccardo$4070 801 0$aIT$bUNIPARTHENOPE$c20080723$gRICA$2UNIMARC 912 $a000014663 951 $a420/8$b3724$cNAVA2 996 $aApertura dell'industria ai mercati internazionali$935208 997 $aUNIPARTHENOPE